000 00414nam a2200181Ia 4500
001 10583
005 20260306161843.0
008 260306t1985||||xx |||||||||||||| ||spa||
041 _aESP
082 _a940.55
_bD235
100 _aDelmas, Claude
_eAUT
245 0 _aEl pacto de Varsovia
260 _c1985
300 _a166 páginas :
_c17 cm.
650 _aGEN
654 _aCHU
942 _cLIB
_dJUS
_fJUS
_2ddc
_n
999 _c10583
_d10583